000 00591nam a2200169 i 4500
001 87457
003 ES-MaACL
005 20230906175657.0
007 t|
008 041222e1923 xxu ||||1| eng d
100 1 _aKretschmer, Herman L.
_968818
245 1 4 _aThe diagnosis and treatment of stone in the ureter /
_cHerman L. Kretschmer.
260 _aChicago :
_bAmerican Medical Association,
_c[1923]
300 _a16 p. :
_bil. ;
_c20 cm.
500 _aReprinted from The Journal of the American Medical Association, May 19, 1923, Vol. 80, pp. 1425-1429.
852 _aES-MaACL
_j1667-F-26
999 _c87457
_d87457